| 000 | 00998nam a2200217 a 4500 | ||
|---|---|---|---|
| 001 | 000004520 | ||
| 005 | 20200929151442.0 | ||
| 008 | 090723s2008 dr 001 0 spa d | ||
| 040 |
_aDO-SdBNP _bspa _cBNPHU |
||
| 082 |
_a340.016 _bR426i |
||
| 110 | 1 |
_aRepública Dominicana _bConsultoría Jurídica del Poder Ejecutivo _9483 |
|
| 240 | 1 | 0 | _aLeyes, etc. |
| 245 | 1 | 0 |
_aÍndice general de la legislación de la República Dominicana : _baño 2007 (periodo del gobierno constitucional del Dr. Leonel Fernández) /. |
| 246 | 1 | 0 | _aLegislación de la República Dominicana |
| 260 |
_aSanto Domingo : _bAlfa & Omega, _c2008. |
||
| 300 |
_a489 p. ; _c22 cm. |
||
| 500 | _aEl suscrito, consultor jurídico del Poder Ejecutivo, certifica que la presente publicación es oficial (Dr. César R. Pina Toribio) | ||
| 650 | 4 |
_aLegislación _zRepública Dominicana _vÍNDICE _913207 |
|
| 650 | 4 |
_aLeyes _zRepública Dominicana _vÍNDICE _913208 |
|
| 650 | 4 |
_aPromulgacion de leyes _zRepública Dominicana _vÍNDICE _913209 |
|
| 999 |
_c4329 _d4329 |
||